| 000 | 00637cam a22002411 4500 | ||
|---|---|---|---|
| 001 | sa 68018376 | ||
| 003 | DLC | ||
| 005 | 20260227112711.0 | ||
| 008 | 890724s1968 ii b b 000 0 tamo | ||
| 010 | _asa 68018376 | ||
| 035 | _a(OCoLC)20061415 | ||
| 040 |
_aDLC _cWaU _dDLC |
||
| 043 | _aa-ii--- | ||
| 050 | 0 | 0 |
_aDS485.M28 _bK85 |
| 100 | 0 |
_aKul̲antai, _cPulavar, _d1906-1972. |
|
| 245 | 1 | 0 | _aTamil̲aka varalāru. |
| 260 | _c1968. | ||
| 300 |
_a12, 272 p. _bmaps. _c18 cm. |
||
| 500 | _aIn Tamil. | ||
| 504 | _aBibliography: p. 8 (1st group) | ||
| 651 | 0 |
_aChennai (India) _xHistory. |
|
| 740 | 0 | _aKoṅku nāṭṭu varalāru. | |
| 999 |
_c88364 _d88364 |
||